000 00779nam a22002297a 4500
001 88188
003 UA-OsUOA
005 20220501195858.0
007 ta
008 20121002b un ||||| |||| 00| 0 ukr d
040 _aUA-OsUOA
_brus
_cUA-OsUOA
_dUA-OsUOA
041 _arus
080 _a82.09(470+571)
090 _a82.09(470+571)
_bШ28
100 _aШаталов С. Е.
245 _aВремя - метод - характер. Образ человека в худож. мире русских классиков
_bпособие для учителя
260 _aМ.
_bПросвещение
_c1976
300 _a159 с.
650 7 _a82.09 Літературна критика. Літературні дослідження
_2UDC
942 _cBK
_2udc
955 _a1
999 _c374592
_d374592